000 00322nam a2200121 a 4500
005 20140414131905.0
008 100927s19uu xx 00 eng d
050 _aFIC
_bSp4 1991
100 _aSpinelli, Jerry
245 _aReport to the principal's office.
260 _aNew York :
_bScholastic ,
_c1991.
999 _c110894
_d110894